000 00974nam a2200229 u 4500
005 20220809150743.0
008 170524s1998 r 000 0 eng d
020 _a9501260739
035 _aUPN01000218106
049 _aCG
050 4 _aRJ500.5
_bC5.2
245 0 0 _aClasificación diagnóstica :
_b0-3 clasificación diagnóstica de la salud mental y los desórdenes en el desarrollo de la infancia y la niñez temprana / tr. Jorge Piatigorsky.
260 _aBuenos Aires :
_bPaidós,
_c1998.
300 _a213 p.
440 0 _aEvaluación psicológica ;
_v73
500 _aA la cabeza de la portada: National Center for Clinical Infant Programs
534 _pTítulo original:
_tDiagnostic classifcation : 0-3 : diagnostic classification of mental health and developmental disorders of infancy and early childhood
650 4 _aENFERMEDADES MENTALES -
_xCLASIFICACION
_926054
650 4 _aPsicopatología infantil
_914793
905 _aLibro
999 _c190206
_d190206